[Event "9. Lichtenberger Sommer"]
[Site "Berlin"]
[Date "2010.08.11"]
[Round "6.35"]
[White "Wasem, Ralph"]
[Black "Walter, Günter"]
[Result "1-0"]
[WhiteElo "2106"]
[BlackElo "2017"]
[PlyCount "131"]
[EventDate "2010.??.??"]
[WhiteTeam "SK Landau"]
[BlackTeam "TSG Oberschöneweide e.V."]

1. e4 e5 2. Nc3 Nf6 3. Bc4 d6 4. d3 Be7 5. f4 Bg4 6. Nf3 Nbd7 7. h3 Bxf3 8.
Qxf3 c6 9. Be3 b5 10. Bb3 a5 11. a4 b4 12. Ne2 c5 13. Bc4 O-O 14. g4 Nb6 15. g5
Nxe4 16. Bb5 Nxg5 17. fxg5 Bxg5 18. Bxg5 Qxg5 19. Rg1 Qh4+ 20. Qg3 Qxg3+ 21.
Rxg3 f5 22. Kf2 Kh8 23. Rg5 Ra7 24. h4 f4 25. Rf1 Nd5 26. c4 Ne3 27. Rh1 Rc7
28. Kf3 Rf5 29. Ke4 Rxg5 30. hxg5 g6 31. Ng1 Kg7 32. Nf3 Rc8 33. Nd2 Rd8 34.
Bc6 Nf5 35. Rh3 Nd4 36. Bd5 Rh8 37. Nf3 Nf5 38. Be6 Ne3 39. Nd2 Re8 40. Bd5 Nd1
41. Rh2 Nxb2 42. Bc6 Rc8 43. Bb5 Nd1 44. Kd5 Rd8 45. Ke6 Rf8 46. Bc6 Ne3 47.
Ne4 Ng4 48. Rh1 f3 49. Kxd6 f2 50. Nd2 Rf5 51. Bd7 Rxg5 52. Ne4 Nh2 53. Nxf2
Rg2 54. Ne4 b3 55. Nxc5 b2 56. Ne6+ Kf6 57. Nc5 Rc2 58. Rb1 Nf3 59. Ne4+ Kg7
60. c5 Ne1 61. Bb5 h5 62. c6 h4 63. Bc4 h3 64. Ng3 h2 65. c7 Nxd3 66. c8=Q 1-0